| 000 | 00622nam a22001937a 4500 | ||
|---|---|---|---|
| 005 | 20150804110438.0 | ||
| 010 | _aENG-113101 | ||
| 020 |
_a9789380574165 _c695.00 |
||
| 035 | _aEN-96633 | ||
| 037 | _bDBAD/PUB | ||
| 082 | _a331.892954 | ||
| 100 | _aShyam Sundar, K.R. | ||
| 245 |
_aIndustrial conflict in India : _cby K.R. Shyam Sundar _bis the sleeping giant waking up? / |
||
| 260 |
_aNew Delhi _bBookwell _c2010 |
||
| 270 |
_a3/79, Nirankari Colony, _bNew Delhi _e110009 |
||
| 300 |
_axviii,271p. _c23cm(Hb) |
||
| 500 | _aIncludes bibliographical references | ||
| 942 |
_2ddc _cEN _mSHY _h331.892954 |
||
| 999 |
_c93687 _d93687 |
||